| 000 | 00878pam a2200265 i 4500 | ||
|---|---|---|---|
| 001 | 4140393 | ||
| 003 | OSt | ||
| 005 | 20230510121528.0 | ||
| 008 | 770609s1977 nju b 001 0 eng | ||
| 010 | _a 77071973 | ||
| 020 | _a0691639765 | ||
| 040 |
_aDLC _cDLC _dDLC |
||
| 043 | _an-us--- | ||
| 050 | 0 | 0 |
_aJK1118 _b.B47 |
| 100 | 1 |
_aBerry, Jeffrey M., _d1948- |
|
| 245 | 1 | 0 |
_aLobbying for the people : _bthe political behavior of public interest groups / _cJeffrey M. Berry. |
| 260 |
_aPrinceton, N.J. : _bPrinceton University Press, _c1977. |
||
| 300 | _ax, 331 p. ; | ||
| 500 | _aIncludes index. | ||
| 504 | _aBibliography: p. [307]-319. | ||
| 650 | 0 |
_aPublic interest groups _zUnited States. |
|
| 856 | 4 | 2 |
_3Publisher description _uhttp://www.loc.gov/catdir/enhancements/fy1504/77071973-d.html |
| 906 |
_a7 _bcbc _corignew _d1 _eopcn _f19 _gy-gencatlg |
||
| 942 |
_2lcc _cBK |
||
| 999 |
_c20117 _d20116 |
||